000 01882nam a2200253Ia 4500
003 OSt
005 20260316170530.0
008 210716s2010 xx 000 0 und d
020 _a9788132102465
040 _cAIMIT LIBRARY
041 _aeng
082 _a001.0723386
_21
_bSINP
245 _aOrganizing and managing in the era of globalization /
_cEdited by Pritam Singh and Subir Verma.
250 _a1st ed.
260 _aNew Delhi :
_bResponse Books ,
_c2010.
300 _axii,459p. ,
_bPB
_c23.1 cm
500 _aThis book discusses the issues and challenges of organizing and managing in the context of a globalized world. It provides insights and perspectives on the realities of organization in a world where governance structures, organizational processes, management practices and employment relations are in a vortex of transformation. It analyzes the political, economic, sociological, cultural, institutional and legal factors that shape these realities. Globalization has thrown up fundamental questions on the identity, social values, national and local culture and history and even the future identity of societies. Managing and organizing a diverse organization in these times is, thus, a subject worth studying; Organizing and Managing in the Era of Globalization is an answer to this quest. This book will be useful for students and professionals of organizational design, organizational change and international management. Researchers in the fields of organization and management as well as globalization will also find it of immense value.
650 _aAn introduction
_9185410
650 _aGlobalization
_9185411
650 _aOrganizational democracy in the age of globalization: issues and chakkenges
_9185412
700 _aSingh, Pritam., ed.
_9185413
700 _aVerma, Subir., ed.
_9185414
942 _2ddc
_cBK
_e1st
_k001.0723386 SINP
999 _c207891
_d207891